MARC

LEADER 00000nam0a2200000 4500
001 305499
005 20231102001815.0
035 |a (RuTPU)RU\TPU\book\330770 
090 |a 305499 
100 |a 20150928d1982 k y0rusy50 ca 
101 0 |a rus 
102 |a RU 
105 |a a z 001zy 
200 1 |a Минералогия и геохимия протерозойских образований Карелии  |f Академия наук СССР (АН СССР), Карельский филиал (КФ), Институт геологии (ИГ) ; под ред. В. С. Куликова 
210 |a Петрозаводск  |c Изд-во Карельский филиал АН СССР  |d 1982 
215 |a 151 с.  |c ил. 
320 |a Библиография в конце статей 
606 1 |a Протерозойские отложения  |2 stltpush  |3 (RuTPU)RU\TPU\subj\52851  |9 71240 
610 1 |a минералогия 
610 1 |a геохимия 
610 1 |a Карелия 
610 1 |a метаморфизм 
610 1 |a скарновое оруденение 
610 1 |a пироксены 
610 1 |a рудные месторождения 
610 1 |a гранитоидные массивы 
610 1 |a метасоматиты 
675 |a 551.72  |v 4 
702 1 |a Куликов  |b В. С.  |4 340 
712 0 2 |a Академия наук СССР (АН СССР)  |b Карельский филиал (КФ)  |b Институт геологии (ИГ)  |c (Петрозаводск)  |2 stltpush  |3 (RuTPU)RU\TPU\col\13466 
801 1 |a RU  |b 63413507  |c 20150928 
801 2 |a RU  |b 63413507  |c 20160908  |g RCR 
942 |c BK